Geography by letter-S - Statistics

General Stats
  • This quiz has been taken 1,465 times
  • The average score is 17 of 20
Answer Stats
Hint Answer % Correct
Biggest African desert Sahara
97%
Portugal's only border Spain
97%
European landlocked country, famous for chocolate Switzerland
96%
Australian biggest city Sydney
96%
Sweden's capital Stockholm
94%
Biggest italian island Sicily
93%
Biggest former Yugoslavian country Serbia
92%
Korean peninsula country South korea
91%
San marino's capital San marino
90%
South American country Suriname
90%
Arabian peninsula country Saudi Arabia
89%
Horn of Africa country Somalia
89%
Country that borders Turkey Syria
88%
Capital of Bosnia and Herzegovina Sarajevo
82%
Largest chinese city by population Shanghai
82%
One-word Pacific country Samoa
73%
Costa rica's capital San José
69%
Capital of Yemen Sana'a
68%
Macedonia's capital Skopje
67%
Soccer stadium shared by Milan and Inter San siro
32%
No matching quizzes found
Score Distribution
Percent of People with Each Score
Percentile by Number Answered
Your Score History
You have not taken this quiz